[Event "Mitropa Cup Open 2019"]
[Site "Radenci"]
[Date "2019.06.02"]
[Round "7.12"]
[White "Miesbauer, Jan"]
[Black "Srbis, Jurica"]
[Result "1/2-1/2"]
[WhiteElo "2407"]
[BlackElo "2429"]
[Annotator "ChessBase"]
[PlyCount "122"]
[EventDate "2019.05.27"]
[EventType "team-tourn"]
[EventCountry "SLO"]
[SourceTitle "playchess.com"]
[Source "ChessBase"]
[SourceQuality "1"]
[WhiteTeam "Czech Republic"]
[BlackTeam "Croatia"]
[WhiteTeamCountry "CZE"]
[BlackTeamCountry "CRO"]
[TimeControl "40/5400+30:1800+30"]

1. e4 {[%emt 0:00:00]} e5 {[%emt 0:00:00]} 2. Nf3 {[%emt 0:00:00]} Nc6 {[%emt 0:00:03]} 3. Bb5 {[%emt 0:00:00]} a6 {[%emt 0:00:16]} 4. Ba4 {[%emt 0:00:04]} Nf6 {[%emt 0:00:07]} 5. d3 {[%emt 0:00:34]} Bc5 {[%emt 0:00:27]} 6. O-O {[%emt 0:00:48]} d6 {[%emt 0:00:14]} 7. c3 {[%emt 0:00:17]} Ba7 {[%emt 0:01:39]} 8. Re1 {[%emt 0:01:01]} O-O {[%emt 0:00:38]} 9. h3 {[%emt 0:01:00]} Ne7 {[%emt 0:00:29]} 10. Nbd2 {[%emt 0:01:05]} Ng6 {[%emt 0:00:34]} 11. Nf1 {[%emt 0:00:38]} c6 {[%emt 0:08:34]} 12. Ng3 {[%emt 0:02:29]} d5 {[%emt 0:05:15]} 13. exd5 {[%emt 0:07:55]} Nxd5 {[%emt 0:00:22]} 14. d4 {[%emt 0:07:59]} exd4 {[%emt 0:02:21]} 15. Nxd4 {[%emt 0:00:56]} Re8 {[%emt 0:03:48]} 16. Rxe8+ {[%emt 0:15:40]} Qxe8 {[%emt 0:00:07]} 17. Qe2 {[%emt 0:05:10]} Bd7 {[%emt 0:02:02]} 18. Bd2 {[%emt 0:05:43]} Bxd4 {[%emt 0:05:22]} 19. cxd4 {[%emt 0:00:13]} Qxe2 {[%emt 0:00:27]} 20. Nxe2 {[%emt 0:00:05]} Be6 {[%emt 0:01:19]} 21. f3 {[%emt 0:01:45]} Nb6 {[%emt 0:07:32]} 22. Bc2 {[%emt 0:00:22]} Nc4 {[%emt 0:00:20]} 23. Bc1 {[%emt 0:01:25]} Rd8 {[%emt 0:02:00]} 24. Kf2 {[%emt 0:01:02]} Ne7 {[%emt 0:01:29]} 25. b3 {[%emt 0:01:08]} Nd6 {[%emt 0:01:51]} 26. g4 {[%emt 0:00:17]} Nd5 {[%emt 0:01:48]} 27. Bd2 {[%emt 0:01:48]} g6 {[%emt 0:07:33]} 28. Rh1 {[%emt 0:04:12]} a5 {[%emt 0:02:50]} 29. a3 {[%emt 0:04:55]} Ra8 {[%emt 0:01:47]} 30. Bd3 {[%emt 0:06:09]} a4 {[%emt 0:05:40]} 31. b4 {[%emt 0:01:02]} Nb6 {[%emt 0:01:46]} 32. Bf4 {[%emt 0:03:25]} Ndc4 {[%emt 0:05:48]} 33. Bc1 {[%emt 0:05:45]} Rd8 {[%emt 0:00:35]} 34. h4 {[%emt 0:02:32]} Nd6 {[%emt 0:00:57]} 35. Nc3 {[%emt 0:03:31]} Bc4 {[%emt 0:01:58]} 36. Bb1 {[%emt 0:00:59]} Re8 {[%emt 0:03:07]} 37. h5 {[%emt 0:02:48]} Bb3 {[%emt 0:05:13]} 38. Bf4 {[%emt 0:03:48]} Ndc4 {[%emt 0:00:40]} 39. Bc1 {[%emt 0:03:44]} Nd6 {[%emt 0:01:55]} 40. Bf4 {[%emt 0:00:00]} Re6 {[%emt 0:00:00]} 41. Bd3 {[%emt 0:19:03]} Nd5 {[%emt 0:05:05]} 42. Nxd5 {[%emt 0:00:30]} Bxd5 {[%emt 0:04:44]} 43. hxg6 {[%emt 0:00:09]} fxg6 {[%emt 0:00:21]} 44. Bxd6 {[%emt 0:01:32]} Rxd6 {[%emt 0:00:03]} 45. Ke3 {[%emt 0:00:18]} Kg7 {[%emt 0:04:35]} 46. g5 {[%emt 0:00:52]} Re6+ {[%emt 0:01:11]} 47. Be4 {[%emt 0:00:07]} Bb3 {[%emt 0:01:16]} 48. Rc1 {[%emt 0:00:49]} h6 {[%emt 0:00:06]} 49. gxh6+ {[%emt 0:00:10]} Kxh6 {[%emt 0:00:02]} 50. Rc5 {[%emt 0:00:34]} Bd5 {[%emt 0:02:22]} 51. b5 {[%emt 0:03:12]} g5 {[%emt 0:00:36]} 52. bxc6 {[%emt 0:08:49]} bxc6 {[%emt 0:00:12]} 53. Kd3 {[%emt 0:00:39]} Bxe4+ {[%emt 0:00:11]} 54. fxe4 {[%emt 0:00:05]} g4 {[%emt 0:00:05]} 55. d5 {[%emt 0:04:37]} cxd5 {[%emt 0:00:14]} 56. exd5 {[%emt 0:00:05]} Rg6 {[%emt 0:00:22]} 57. Ke2 {[%emt 0:01:31]} g3 {[%emt 0:01:42]} 58. Kf1 {[%emt 0:00:14]} Kg5 {[%emt 0:01:55]} 59. Kg2 {[%emt 0:02:10]} Kf5 {[%emt 0:00:40]} 60. Ra5 {[%emt 0:00:52]} Ke4 {[%emt 0:00:33]} 61. Rxa4+ {[%emt 0:00:30]} Kxd5 {[%emt 0:00:05]} 1/2-1/2

[Event "Mitropa Cup Open 2019"]
[Site "Radenci"]
[Date "2019.06.02"]
[Round "7.13"]
[White "Pelletier, Yannick"]
[Black "Perske, Thore"]
[Result "1/2-1/2"]
[WhiteElo "2547"]
[BlackElo "2456"]
[Annotator "ChessBase"]
[PlyCount "71"]
[EventDate "2019.05.27"]
[EventType "team-tourn"]
[EventCountry "SLO"]
[SourceTitle "playchess.com"]
[Source "ChessBase"]
[SourceQuality "1"]
[WhiteTeam "SUI"]
[BlackTeam "GER"]
[BlackTeamCountry "GER"]
[TimeControl "40/5400+30:1800+30"]

1. Nf3 {[%emt 0:00:00]} Nf6 {[%emt 0:00:00]} 2. c4 {[%emt 0:00:07]} g6 {[%emt 0:00:06]} 3. Nc3 {[%emt 0:00:05]} Bg7 {[%emt 0:00:08]} 4. d4 {[%emt 0:00:06]} O-O {[%emt 0:00:07]} 5. e4 {[%emt 0:00:12]} d6 {[%emt 0:00:07]} 6. Be2 {[%emt 0:00:06]} e5 {[%emt 0:00:10]} 7. O-O {[%emt 0:00:14]} Nc6 {[%emt 0:00:07]} 8. d5 {[%emt 0:06:22]} Ne7 {[%emt 0:00:33]} 9. Bg5 {[%emt 0:00:36]} h6 {[%emt 0:08:27]} 10. Bxf6 {[%emt 0:00:32]} Bxf6 {[%emt 0:00:04]} 11. b4 {[%emt 0:00:05]} a5 {[%emt 0:24:33]} 12. a3 {[%emt 0:00:56]} c6 {[%emt 0:00:48]} 13. Nd2 {[%emt 0:28:56]} Bg5 {[%emt 0:05:51]} 14. Nb3 {[%emt 0:00:56]} cxd5 {[%emt 0:04:53]} 15. cxd5 {[%emt 0:01:11]} axb4 {[%emt 0:02:09]} 16. axb4 {[%emt 0:00:12]} Bd7 {[%emt 0:00:22]} 17. Na5 {[%emt 0:21:40]} Qc7 {[%emt 0:09:39]} 18. Qd3 {[%emt 0:19:49]} Rfc8 {[%emt 0:10:02]} 19. Nb5 {[%emt 0:00:05]} Qb6 {[%emt 0:00:28]} 20. Kh1 {[%emt 0:01:17]} f5 {[%emt 0:09:08]} 21. f3 {[%emt 0:00:04]} Bxb5 {[%emt 0:04:00]} 22. Qxb5 {[%emt 0:00:06]} Qxb5 {[%emt 0:00:06]} 23. Bxb5 {[%emt 0:00:04]} Bd2 {[%emt 0:00:06]} 24. Nxb7 {[%emt 0:07:57]} Bxb4 {[%emt 0:01:33]} 25. Rxa8 {[%emt 0:01:13]} Rxa8 {[%emt 0:00:03]} 26. Rb1 {[%emt 0:00:17]} fxe4 {[%emt 0:06:20]} 27. fxe4 {[%emt 0:00:13]} Rb8 {[%emt 0:00:39]} 28. Bc6 {[%emt 0:02:42]} Bc5 {[%emt 0:09:47]} 29. g3 {[%emt 0:00:43]} Nxc6 {[%emt 0:00:45]} 30. dxc6 {[%emt 0:00:05]} Rc8 {[%emt 0:00:09]} 31. Na5 {[%emt 0:00:22]} Kf7 {[%emt 0:00:16]} 32. Rb7+ {[%emt 0:03:59]} Ke6 {[%emt 0:00:01]} 33. Rg7 {[%emt 0:02:26]} Kf6 {[%emt 0:00:37]} 34. Rb7 {[%emt 0:00:44]} Ke6 {[%emt 0:00:05]} 35. Rg7 {[%emt 0:01:31]} Kf6 {[%emt 0:00:06]} 36. Rb7 {[%emt 0:01:13]} 1/2-1/2

[Event "Mitropa Cup Open 2019"]
[Site "Radenci"]
[Date "2019.06.02"]
[Round "7.14"]
[White "Kunin, Vitaly"]
[Black "Studer, Noel"]
[Result "1-0"]
[WhiteElo "2518"]
[BlackElo "2517"]
[Annotator "TA"]
[PlyCount "79"]
[EventDate "2019.05.27"]
[EventType "team-tourn"]
[EventCountry "SLO"]
[SourceTitle "playchess.com"]
[Source "ChessBase"]
[SourceQuality "1"]
[WhiteTeam "GER"]
[BlackTeam "SUI"]
[BlackTeamCountry "SUI"]

{[%evp 15,107,21,10,-2,0,0,18,31,27,22,10,7,15,19,24,27,85,89,88,81,139,126,197,150,157,157,158,151,155,154,132,143,149,154,152,145,160,149,148,103,147,110,185,158,191,193,254,206,210,231,344,299,523,495,453,0,500,489,367,365,368,376,369,369,347,247,244,226,190,0,0,15,68,0,0,0,74,72,106,119,214,-16,-16,-22,573,298,290,290,283,287,29988,29989,29990,29991]} 1. d4 Nf6 2. c4 e6 3. Nf3 d5 4. Qc2 Be7 5. Bg5 Nbd7 6. Nc3 h6 7. Bf4 c6 8. e3 O-O 9. Bd3 {D61: Queen's Gambit Declined: Classical: 7 Qc2} dxc4 (9... a6 10. c5 Nh5 11. O-O g5 12. Be5 f5 13. g4 Ng7 14. b4 Nf6 15. Bxf6 Bxf6 16. Ne5 Bxe5 17. dxe5 d4 18. Na4 {1-0 (36) Potapova,M (2278)-Mezhov,D (1974) Sochi 2019}) 10. Bxc4 Nb6 11. Be2 {The position is equal.} Nbd5 12. Bg3 Nxc3 $146 ({Predecessor:} 12... b6 13. Nxd5 Nxd5 14. Qxc6 Bd7 15. Qc1 Nb4 16. O-O Bc8 17. a3 Nd5 18. Ne5 {1-0 (50) Wimmer,H (2169)-Worschech,R (1764) Schloss Schney 2004}) 13. bxc3 {[%cal Bb2c3,Bc3c4][%mdl 32]} c5 14. O-O b6 15. Rfd1 cxd4 (15... Qe8 $11) 16. Nxd4 $16 {Nc6 is the strong threat.} (16. Rxd4 $6 Qe8 $11) 16... Bd7 17. Bf3 $36 {[%mdl 2048] Keeping Black busy.} Nd5 ({Black should try} 17... Rc8) 18. c4 Nb4 (18... Rc8 $16) 19. Qb2 Rc8 20. a3 Na6 21. Bb7 Nc5 22. Bxc8 Qxc8 23. Nb5 $1 a6 24. Nd6 Qc6 25. Rab1 Na4 26. Qd4 Rd8 27. e4 Bc8 28. e5 a5 (28... Bxd6 $16 {was necessary.} 29. exd6 f6) 29. h4 Ba6 30. h5 Rd7 (30... Bf8 {is a better defense.} 31. Rbc1 Rd7) 31. Rbc1 Nc5 32. Qg4 Qa4 (32... Bc8 {keeps fighting.} 33. Rb1 Ba6) 33. Kh2 Qxa3 $2 (33... Bf8 34. Bf4 Kh8) 34. Ne8 $18 {[%csl Ge8][%cal Rg4g7]} Kf8 35. Nd6 $2 (35. Nxg7 $18 {And now Bf4 would win.} Qb2 36. Bf4) 35... a4 $2 {[%mdl 8192]} (35... Kg8 $1 $11) 36. Rb1 Bd8 {Black hopes to continue with ...Bc7.} 37. Ne4 Nd3 38. Qf3 Bxc4 39. Nd6 b5 40. Kg1 {Played: Qf3-c6} 1-0

[Event "Mitropa Cup Open 2019"]
[Site "Radenci"]
[Date "2019.06.02"]
[Round "7.15"]
[White "Gaehwiler, Gabriel"]
[Black "Lagunow, Raphael"]
[Result "0-1"]
[WhiteElo "2431"]
[BlackElo "2420"]
[Annotator "ChessBase"]
[PlyCount "94"]
[EventDate "2019.05.27"]
[EventType "team-tourn"]
[EventCountry "SLO"]
[SourceTitle "playchess.com"]
[Source "ChessBase"]
[SourceQuality "1"]
[WhiteTeam "Switzerland"]
[BlackTeam "Germany"]
[WhiteTeamCountry "SUI"]
[BlackTeamCountry "GER"]
[TimeControl "40/5400+30:1800+30"]

1. d4 {[%emt 0:00:00]} d5 {[%emt 0:00:00]} 2. c4 {[%emt 0:00:00]} e6 {[%emt 0:00:00]} 3. Nf3 {[%emt 0:00:00]} Nf6 {[%emt 0:00:00]} 4. g3 {[%emt 0:01:37]} Bb4+ {[%emt 0:00:15]} 5. Nc3 {[%emt 0:05:44]} dxc4 {[%emt 0:08:55]} 6. Bg2 {[%emt 0:01:36]} O-O {[%emt 0:00:07]} 7. O-O {[%emt 0:02:25]} Nc6 {[%emt 0:00:08]} 8. Bg5 {[%emt 0:01:05]} Rb8 {[%emt 0:17:56]} 9. a3 {[%emt 0:27:22]} Be7 {[%emt 0:04:02]} 10. Qa4 {[%emt 0:00:43]} h6 {[%emt 0:22:35]} 11. Bxf6 {[%emt 0:13:31]} Bxf6 {[%emt 0:00:07]} 12. e3 {[%emt 0:02:55]} b5 {[%emt 0:08:35]} 13. Nxb5 {[%emt 0:01:00]} Bd7 {[%emt 0:00:11]} 14. Nxa7 {[%emt 0:01:43]} Ne7 {[%emt 0:02:43]} 15. Qxc4 {[%emt 0:07:23]} c6 {[%emt 0:02:11]} 16. e4 {[%emt 0:24:30]} g6 {[%emt 0:16:07]} 17. e5 {[%emt 0:00:21]} Bg7 {[%emt 0:00:06]} 18. Ne1 {[%emt 0:01:01]} Qb6 {[%emt 0:02:29]} 19. Qb4 {[%emt 0:01:34]} Nd5 {[%emt 0:03:54]} 20. Qxb6 {[%emt 0:00:08]} Rxb6 {[%emt 0:00:06]} 21. Nd3 {[%emt 0:00:13]} Ra8 {[%emt 0:00:53]} 22. Nxc6 {[%emt 0:00:45]} Bxc6 {[%emt 0:02:16]} 23. Rfc1 {[%emt 0:00:32]} Ne7 {[%emt 0:01:51]} 24. a4 {[%emt 0:02:00]} Rxa4 {[%emt 0:02:03]} 25. Rxa4 {[%emt 0:02:01]} Bxa4 {[%emt 0:00:01]} 26. Rc7 {[%emt 0:00:22]} Nf5 {[%emt 0:02:09]} 27. d5 {[%emt 0:01:05]} exd5 {[%emt 0:00:55]} 28. Bxd5 {[%emt 0:00:02]} Bb3 {[%emt 0:00:15]} 29. Be4 {[%emt 0:02:10]} Be6 {[%emt 0:00:32]} 30. b4 {[%emt 0:00:09]} Bf8 {[%emt 0:01:19]} 31. Rb7 {[%emt 0:00:51]} Rxb7 {[%emt 0:00:14]} 32. Bxb7 {[%emt 0:00:02]} Bc4 {[%emt 0:00:16]} 33. Be4 {[%emt 0:00:24]} Nd4 {[%emt 0:01:20]} 34. Nc5 {[%emt 0:00:12]} Kg7 {[%emt 0:01:01]} 35. f4 {[%emt 0:00:05]} Ne6 {[%emt 0:00:22]} 36. Nxe6+ {[%emt 0:00:53]} fxe6 {[%emt 0:00:12]} 37. h4 {[%emt 0:01:18]} Bxb4 {[%emt 0:00:53]} 38. g4 {[%emt 0:00:24]} Bd2 {[%emt 0:01:18]} 39. f5 {[%emt 0:00:05]} g5 {[%emt 0:00:07]} 40. Kg2 {[%emt 0:00:00]} Bf4 {[%emt 0:00:00]} 41. fxe6 {[%emt 0:04:41]} Bxe6 {[%emt 0:06:22]} 42. hxg5 {[%emt 0:04:48]} hxg5 {[%emt 0:00:20]} 43. Kf3 {[%emt 0:04:03]} Bxe5 {[%emt 0:00:08]} 44. Bc6 {[%emt 0:00:06]} Kf6 {[%emt 0:00:13]} 45. Be4 {[%emt 0:03:56]} Bc3 {[%emt 0:01:01]} 46. Bc2 {[%emt 0:00:28]} Ke5 {[%emt 0:00:27]} 47. Be4 {[%emt 0:01:32]} Bd5 {[%emt 0:01:30]} 0-1

[Event "Mitropa Cup Open 2019"]
[Site "Radenci"]
[Date "2019.06.02"]
[Round "7.16"]
[White "Schmidek, Emil"]
[Black "Stijve, Theo"]
[Result "1-0"]
[WhiteElo "2396"]
[BlackElo "2310"]
[Annotator "RC"]
[PlyCount "163"]
[EventDate "2019.05.27"]
[EventType "team-tourn"]
[EventCountry "SLO"]
[SourceTitle "playchess.com"]
[Source "ChessBase"]
[SourceQuality "1"]
[WhiteTeam "Germany"]
[BlackTeam "Switzerland"]
[WhiteTeamCountry "GER"]
[BlackTeamCountry "SUI"]
[TimeControl "40/5400+30:1800+30"]

1. e4 {[%emt 0:00:00]} c5 {[%emt 0:00:09]} 2. Nf3 {[%emt 0:00:00]} Nc6 {[%emt 0:00:07]} 3. d4 {[%emt 0:00:00]} cxd4 {[%emt 0:00:08]} 4. Nxd4 {[%emt 0:00:00]} Qc7 {[%emt 0:00:09]} 5. Nc3 {[%emt 0:00:02]} e6 {[%emt 0:00:07]} 6. Qd3 {[%emt 0:00:07]} a6 {[%emt 0:02:47]} 7. Nxc6 {[%emt 0:00:26]} Qxc6 {[%emt 0:04:31]} 8. Qg3 {[%emt 0:00:33]} Nf6 {[%emt 0:04:18]} 9. Bd3 {[%emt 0:02:43]} h5 {[%emt 0:06:39]} 10. e5 {[%emt 0:16:20]} h4 {[%emt 0:06:17]} 11. Qh3 {[%emt 0:01:38]} Nd5 {[%emt 0:03:46]} 12. Be4 {[%emt 0:02:26]} Bb4 {[%emt 0:01:34]} 13. Bd2 {[%emt 0:04:12]} Qc7 {[%emt 0:18:06]} 14. O-O {[%emt 0:28:57]} Nxc3 {[%emt 0:05:28]} 15. Bxc3 {[%emt 0:00:50]} Bxc3 {[%emt 0:02:59]} 16. Qxc3 {[%emt 0:00:14]} Qxc3 {[%emt 0:00:16]} 17. bxc3 {[%emt 0:00:02]} Rb8 {[%emt 0:07:17]} 18. Rfd1 {[%emt 0:01:54]} Ke7 {[%emt 0:03:53]} 19. Rd4 {[%emt 0:12:47]} b5 {[%emt 0:07:17]} 20. Rad1 {[%emt 0:00:46]} f5 {[%emt 0:02:44]} 21. Bf3 {[%emt 0:06:23]} g5 {[%emt 0:00:29]} 22. g3 {[%emt 0:01:49]} h3 {[%emt 0:03:26]} 23. Rd6 {[%emt 0:11:21]} Rd8 {[%emt 0:03:50]} 24. g4 {[%emt 0:02:51]} f4 {[%emt 0:05:27]} 25. R1d3 {[%emt 0:00:43]} Rh8 {[%emt 0:01:45]} 26. a3 {[%emt 0:01:26]} Rh7 {[%emt 0:02:09]} 27. Kf1 {[%emt 0:01:05]} Ke8 {[%emt 0:02:06]} 28. Be4 {[%emt 0:00:09]} Rh6 {[%emt 0:00:56]} 29. f3 {[%emt 0:01:40]} Ke7 {[%emt 0:01:09]} 30. Ke2 {[%emt 0:00:05]} Rh8 {[%emt 0:00:21]} 31. R3d4 {[%emt 0:00:37]} Rd8 {[%emt 0:00:56]} 32. Kd3 {[%emt 0:02:29]} Bb7 {[%emt 0:01:55]} 33. Bxb7 {[%emt 0:00:25]} Rxb7 {[%emt 0:00:01]} 34. Rxa6 {[%emt 0:00:09]} Rc8 {[%emt 0:00:08]} 35. Kd2 {[%emt 0:01:42]} Rc5 {[%emt 0:01:17]} 36. Ra8 {[%emt 0:00:29]} Rxe5 {[%emt 0:00:11]} 37. Rh8 {[%emt 0:00:13]} Rc5 {[%emt 0:02:47]} 38. Rxh3 {[%emt 0:00:35]} Ra7 {[%emt 0:00:52]} 39. Rd3 {[%emt 0:00:50]} Kd8 {[%emt 0:00:38]} 40. Rh8+ {[%emt 0:00:00]} Kc7 {[%emt 0:00:00]} 41. Rxd7+ {[%emt 0:21:58]} Kxd7 {[%emt 0:00:50]} 42. Rh7+ {[%emt 0:00:02]} Kc6 {[%emt 0:04:36]} 43. Rxa7 {[%emt 0:00:05]} Rd5+ {[%emt 0:00:58]} 44. Kc1 {[%emt 0:06:06]} Re5 {[%emt 0:00:48]} 45. Rg7 {[%emt 0:00:29]} Re3 {[%emt 0:04:49]} 46. Rxg5 {[%emt 0:00:08]} Rxf3 {[%emt 0:00:06]} 47. Re5 {[%emt 0:01:37]} Rxc3 {[%emt 0:06:20]} 48. Rxe6+ {[%emt 0:00:41]} Kd5 {[%emt 0:00:07]} 49. Rf6 {[%emt 0:00:42]} Ke4 {[%emt 0:01:20]} 50. g5 {[%emt 0:01:16]} Rxa3 {[%emt 0:03:29]} 51. g6 {[%emt 0:00:49]} Ra1+ {[%emt 0:01:18]} 52. Kd2 {[%emt 0:00:37]} Rh1 {[%emt 0:01:03]} 53. Re6+ {[%emt 0:00:24]} Kf3 {[%emt 0:01:31]} 54. Kd3 {[%emt 0:02:37]} Rxh2 {[%emt 0:02:00]} 55. g7 {[%emt 0:00:29]} Rg2 {[%emt 0:00:02]} 56. Re1 {[%emt 0:00:04]} Rg3 {[%emt 0:05:36]} 57. g8=Q {[%emt 0:00:20]} Rxg8 {[%emt 0:00:11]} 58. Rf1+ {[%emt 0:00:03]} Kg2 {[%emt 0:00:41]} 59. Rxf4 {[%emt 0:00:01]} Rc8 {[%emt 0:02:55]} 60. Rf5 {[%emt 0:00:45]} Kg3 {[%emt 0:01:33]} 61. Rxb5 {[%emt 0:00:16]} Kf4 {[%emt 0:00:10]} 62. Rd5 {[%emt 0:00:03]} Rc7 {[%emt 0:01:03]} 63. c4 {[%emt 0:00:05]} Rc8 {[%emt 0:00:35]} 64. c5 {[%emt 0:00:06]} Ra8 {[%emt 0:00:29]} 65. Kc4 {[%emt 0:00:28]} Ke4 {[%emt 0:00:22]} 66. Rd6 {[%emt 0:00:04]} Ke5 {[%emt 0:00:25]} 67. Kb5 {[%emt 0:00:04]} Ra1 {[%emt 0:00:46]} 68. Kb6 {[%emt 0:00:09]} Rb1+ {[%emt 0:00:22]} 69. Kc7 {[%emt 0:00:17]} Ra1 {[%emt 0:00:35]} 70. Rd2 {[%emt 0:00:19]} Ke6 {[%emt 0:00:31]} 71. c6 {[%emt 0:00:06]} Rc1 {[%emt 0:00:27]} 72. Kb7 {[%emt 0:00:08]} Rb1+ {[%emt 0:00:28]} 73. Kc8 {[%emt 0:00:04]} Rb3 {[%emt 0:00:37]} 74. c7 {[%emt 0:01:29]} Ke7 {[%emt 0:00:27]} 75. Re2+ {[%emt 0:00:44]} Kf6 {[%emt 0:00:19]} 76. Re4 {[%emt 0:00:49]} Kf5 {[%emt 0:00:08]} 77. Rd4 {[%emt 0:01:08]} Ke5 {[%emt 0:00:30]} 78. Rd1 {[%emt 0:00:10]} Rh3 {[%emt 0:00:37]} 79. Kd7 {[%emt 0:00:18]} Rh7+ {[%emt 0:00:12]} 80. Kc6 {[%emt 0:00:09]} Rh6+ {[%emt 0:00:10]} 81. Kb7 {[%emt 0:00:05]} Rh7 {[%emt 0:00:08]} 82. Kb8 {[%emt 0:00:04]} 1-0

[Event "Mitropa Cup Open 2019"]
[Site "Radenci"]
[Date "2019.06.02"]
[Round "7.17"]
[White "Markoja, Boris"]
[Black "Dragnev, Valentin"]
[Result "1/2-1/2"]
[WhiteElo "2441"]
[BlackElo "2521"]
[Annotator "TA"]
[PlyCount "74"]
[EventDate "2019.05.27"]
[EventType "team-tourn"]
[EventCountry "SLO"]
[SourceTitle "playchess.com"]
[Source "ChessBase"]
[SourceQuality "1"]
[WhiteTeam "Slovenia"]
[BlackTeam "Austria"]
[WhiteTeamCountry "SLO"]
[BlackTeamCountry "AUT"]

{[%evp 10,74,2,-6,12,9,17,-1,33,3,42,39,58,0,0,0,0,-4,14,11,12,2,0,5,11,9,9,9,11,9,9,10,12,12,11,4,13,0,7,8,8,4,3,0,0,0,0,0,0,0,0,0,0,0,0,0,33,35,50,45,45,0,0,0,50,40,33]} 1. c4 e6 2. Nc3 d5 3. d4 Nf6 4. Nf3 c5 5. Bf4 cxd4 6. Nxd4 Bc5 {A32: Symmetrical English: 2 Nf3 Nf6 3 d4 cxd4 4 Nxd4 e6} (6... Nbd7 7. Qa4 Bc5 8. cxd5 O-O 9. Nb3 exd5 10. e3 Nb6 11. Qa5 Bd6 12. Bxd6 Qxd6 13. Qc5 Qe5 14. Be2 {½-½ (38) Bu,X (2705)-Grischuk,A (2737) Doha 2016}) 7. e3 O-O 8. Be2 Re8 $146 {White should prevent ...e5.The position is equal.} ({Predecessor:} 8... Nbd7 9. Nb3 Bb4 10. O-O dxc4 11. Bxc4 Bxc3 12. bxc3 e5 13. Bg5 Qc7 14. Qd3 {0-1 (39) Olsen,T (800)-Belanoff,S (2192) IECG email 1998}) 9. Nb3 Bb6 10. O-O Nc6 11. cxd5 (11. Bg5 $14) 11... Nxd5 $11 12. Nxd5 exd5 13. Rc1 Qf6 14. Qxd5 Qxb2 15. Qd2 Qxd2 16. Nxd2 Na5 17. Nc4 Nxc4 18. Bxc4 Be6 19. Bxe6 Rxe6 20. Rfd1 Re7 21. Kf1 f6 22. Ke2 Kf7 23. Rd3 Rd8 24. Rxd8 Bxd8 {[%mdl 4096] Endgame KRB-KRB} 25. Rc8 Rd7 26. Rc4 b5 27. Rc5 g5 28. Bg3 a6 29. h4 g4 30. Bf4 Ba5 {Threatening ...Rd2+.} 31. Rc2 Kg6 32. f3 gxf3+ 33. Kxf3 Bd8 34. g4 a5 35. h5+ Kf7 36. Rc8 b4 37. Ra8 Ke6 {Accuracy: White = 66%, Black = 57%.} 1/2-1/2

[Event "Mitropa Cup Open 2019"]
[Site "Radenci"]
[Date "2019.06.02"]
[Round "7.18"]
[White "Blohberger, Felix"]
[Black "Tomazini, Zan"]
[Result "1-0"]
[WhiteElo "2475"]
[BlackElo "2378"]
[Annotator "TA"]
[PlyCount "117"]
[EventDate "2019.05.27"]
[EventType "team-tourn"]
[EventCountry "SLO"]
[SourceTitle "playchess.com"]
[Source "ChessBase"]
[SourceQuality "1"]
[WhiteTeam "Austria"]
[BlackTeam "Slovenia"]
[WhiteTeamCountry "AUT"]
[BlackTeamCountry "SLO"]

{[%evp 9,117,6,22,17,20,20,20,22,22,18,20,21,18,-8,58,0,2,0,36,16,54,54,55,44,45,43,44,0,10,0,2,0,8,16,45,45,35,40,66,54,86,76,141,135,122,114,157,131,143,135,158,158,158,158,124,69,69,69,69,69,69,69,72,70,56,8,8,8,8,8,8,9,9,9,73,73,623,643,592,584,29960,29954,29954,29957,29952,29957,29963,29964,29965,29965,29963,29966,29965,29966,29966,29967,29970,29972,29972,29974,29977,29979,29976,29980,29980,29981,29981,29982,29982,29983]} 1. e4 c5 2. Nf3 d6 3. Nc3 Nf6 4. e5 dxe5 5. Nxe5 Nbd7 6. d4 {B50: Sicilian: 2...d6, Miscellaneous} Nxe5 7. dxe5 Qxd1+ 8. Kxd1 {The position is equal.} Ng4 {[%mdl 64] [#] Double Attack} 9. Bb5+ Bd7 10. e6 fxe6 11. Ke2 O-O-O ({Better is} 11... Bxb5+ $11 12. Nxb5 Kf7) 12. Bxd7+ $146 ({White should try} 12. a4 $14) ({Predecessor:} 12. Bf4 g5 13. Bxd7+ Rxd7 14. Bxg5 {½-½ (45) Sychev,K (2537)-Zubritskiy,A (2442) St Petersburg 2018}) 12... Rxd7 $11 13. Ne4 e5 14. Kf3 Nf6 15. Nxc5 Rc7 16. Be3 b6 17. Ne6 Rc6 18. Nxf8 (18. Ng5 {is interesting.} e6 19. c3 Be7 20. a4 Nd5 21. Ne4) 18... Rxf8 19. c3 Nd5+ 20. Ke2 Nf4+ (20... Rg6 {looks sharper.} 21. Rhg1 Kc7 22. Bd2 Kc6 23. Rad1 Nf6) 21. Bxf4 $1 exf4 {[%mdl 4096] Endgame KRR-KRR} 22. Kf3 e5 23. Rhe1 Re6 24. Rad1 g5 25. h3 h5 {[#]} ({Black should play} 25... Rd8) 26. Ke4 $1 $16 Kc7 27. Rd5 g4 28. hxg4 hxg4 29. Rh1 Kc6 30. Rh7 {aiming for b4.} ({Don't play} 30. Rxe5 $6 Rd6 $14) 30... Rd6 31. Rxd6+ ({But not} 31. Rxe5 $6 f3 $11) 31... Kxd6 {KR-KR} 32. b4 (32. a4 $16) 32... Rc8 $14 33. Rh6+ Kd7 34. Kxe5 {Rh7+ is the strong threat.} Rxc3 35. Kxf4 Rc2 36. Rh7+ Kc6 37. Rxa7 Rxf2+ 38. Kg3 Rb2 39. Rg7 Rxb4 40. Rxg4 Rb2 41. a4 Kd5 (41... Kd6 $1 $11) 42. Rg5+ $16 Ke4 $2 {[%mdl 8192]} (42... Kc4 $16) 43. Rb5 $18 Ra2 44. Rxb6 Rxa4 45. Rb5 {White mates.} Ra2 46. Kh3 Ra8 47. g4 Rh8+ 48. Kg3 Rf8 49. g5 Rf5 50. Rb4+ Ke5 51. Kg4 Rf1 52. Rb6 Rh1 53. g6 Rh2 54. Kg5 Rh1 55. g7 Rg1+ 56. Kh6 Rh1+ 57. Kg6 Rg1+ 58. Kh7 Rh1+ 59. Rh6 {Accuracy: White = 80%, Black = 42%.} 1-0